Normal view
MARC view
- Fawaz Nadeem
Entry Personal Name
001 - CONTROL NUMBER
- control field: 113706
003 - CONTROL NUMBER IDENTIFIER
- control field: NUST
005 - DATE AND TIME OF LATEST TRANSACTION
- control field: 20230718115803.0
008 - FIXED-LENGTH DATA ELEMENTS
- fixed length control field: 230718|| aca||aabn | a|a d
040 ## - CATALOGING SOURCE
- Original cataloging agency: NUST
- Transcribing agency: NUST
100 ## - HEADING--PERSONAL NAME
- Personal name: Fawaz Nadeem
670 ## - SOURCE DATA FOUND
- Source citation: Work cat.: (NUST): Fawaz Nadeem., Identification of Charcot’s Feet (Diabetic Foot) using AI & Medical Images /, 2023.
